000
00278nam a22001337a 4500
008
180216b xxu||||| |||| 00| 0 eng d
020
_a
9780805373738
041
_a
eng
080
_a
616.34
100
_a
7
101
_a
ana
245
_a
human body
_c
jon.m
942
_2
udc
_c
BK
999
_c
42836
_d
42836